Ledolam (Record no. 7925)

MARC details
000 -LEADER
fixed length control field 00502cam a2200205ua 4500
001 - CONTROL NUMBER
control field 8837
005 - DATE AND TIME OF LATEST TRANSACTION
control field 20260515114403.0
008 - FIXED-LENGTH DATA ELEMENTS--GENERAL INFORMATION
fixed length control field 150216n ii |||gr||||Z||||||asm
020 ## - INTERNATIONAL STANDARD BOOK NUMBER
International Standard Book Number 9789381710166
040 ## - CATALOGING SOURCE
Transcribing agency MAIN
041 ## - LANGUAGE CODE
Language code of text/sound track or separate title asm
082 ## - DEWEY DECIMAL CLASSIFICATION NUMBER
Classification number 891.4513N
100 ## - MAIN ENTRY--PERSONAL NAME
Personal name Borgohain, J. B.,
Relator term Author.
245 1# - TITLE STATEMENT
Title Ledolam
Statement of responsibility, etc. By Juri Borah Borgohgain
250 ## - EDITION STATEMENT
Edition statement 1st.
260 ## - PUBLICATION, DISTRIBUTION, ETC.
Place of publication, distribution, etc. Guwahati:
Name of publisher, distributor, etc. Banphool,
Date of publication, distribution, etc. 2012.
300 ## - PHYSICAL DESCRIPTION
Extent 526p.
653 ## - INDEX TERM--UNCONTROLLED
Uncontrolled term East Indo-European & Celtic literatures
942 ## - ADDED ENTRY ELEMENTS (KOHA)
Koha item type Books
Holdings
Withdrawn status Lost status Damaged status Not for loan Home library Current library Shelving location Date acquired Total checkouts Full call number Barcode Date last seen Date last checked out Copy number Price effective from Koha item type
        Naharkatiya College Library Naharkatiya College Library General stacks 09/19/2020 3 891.4513N | BOR 21826 06/13/2024 09/08/2022 1 09/19/2020 Books